AN ANTHOLOGY OF PEACE AND SECURITY RESEARCH (Record no. 18942)

MARC details
000 -LEADER
fixed length control field 00377nam a22001577a 4500
003 - CONTROL NUMBER IDENTIFIER
control field OSt
005 - DATE AND TIME OF LATEST TRANSACTION
control field 20211118101347.0
008 - FIXED-LENGTH DATA ELEMENTS--GENERAL INFORMATION
fixed length control field 211118b |||||||| |||| 00| 0 eng d
020 ## - INTERNATIONAL STANDARD BOOK NUMBER
International Standard Book Number 9789994499755
040 ## - CATALOGING SOURCE
Transcribing agency HU
082 ## - DEWEY DECIMAL CLASSIFICATION NUMBER
Classification number 355.0335
245 ## - TITLE STATEMENT
Title AN ANTHOLOGY OF PEACE AND SECURITY RESEARCH
260 ## - PUBLICATION, DISTRIBUTION, ETC.
Place of publication, distribution, etc. ADDIS ABABA
Name of publisher, distributor, etc. HALL
Date of publication, distribution, etc. 2010
300 ## - PHYSICAL DESCRIPTION
Extent 294
942 ## - ADDED ENTRY ELEMENTS (KOHA)
Source of classification or shelving scheme Dewey Decimal Classification
Koha item type Books like text book referance book
Suppress in OPAC No
Holdings
Withdrawn status Lost status Source of classification or shelving scheme Damaged status Not for loan Home library Current library Shelving location Date acquired Full call number Barcode Date last seen Copy number Price effective from Koha item type Total Checkouts
    Dewey Decimal Classification     Social Library Social Library General Stacks 11/18/2021 355.0335/ANT SHLIB 00002799 11/18/2021 1 11/18/2021 Books like text book referance book  
    Dewey Decimal Classification     Social Library Social Library General Stacks 11/18/2021 355.0335/ANT SHLIB 00002800 11/18/2021 2 11/18/2021 Books like text book referance book  
    Dewey Decimal Classification     Social Library Social Library General Stacks 11/18/2021 355.0335/ANT SHLIB 00002801 11/18/2021 3 11/18/2021 Books like text book referance book  
    Dewey Decimal Classification     Social Library Social Library General Stacks 11/18/2021 355.0335/ANT SHLIB 00002802 11/18/2021 4 11/18/2021 Books like text book referance book  
    Dewey Decimal Classification     Social Library Social Library General Stacks 11/18/2021 355.0335/ANT SHLIB 00002803 11/18/2021 5 11/18/2021 Books like text book referance book